| 000 | 00623 a2200181 4500 | ||
|---|---|---|---|
| 020 | _a082184220X | ||
| 020 | _a9780821842201 | ||
| 082 | _a512.74 | ||
| 090 |
_c1536 _d1536 |
||
| 100 | 1 | _aKatok, Svetlana. | |
| 245 | 1 | 0 |
_aP-adic analysis compared with real / _cSvetlana Katok. |
| 260 |
_a[S.l.] : _bAmerican Mathematical Society, _c2007. |
||
| 300 |
_a152 p. ; _c22 cm. |
||
| 490 | 1 | _aStudent mathematical library. | |
| 830 | 0 | _aStudent mathematical library. | |
| 942 |
_aSNS _cBK _k512.74 KAT |
||
| 999 |
_c30147 _d30147 |
||